[Event "Erlangen op 5th"]
[Site "Erlangen"]
[Date "1990.05.??"]
[Round "?"]
[White "Haba, Petr"]
[Black "Feustel, Bernd"]
[Result "1-0"]
[WhiteElo "2435"]
[BlackElo "2335"]
[PlyCount "63"]
[EventDate "1990.05.24"]
[EventType "swiss"]
[EventRounds "7"]
[EventCountry "GER"]
[SourceTitle "EXT 2000"]
[Source "ChessBase"]
[SourceDate "1999.11.16"]
[SourceVersion "1"]
[SourceVersionDate "1999.11.16"]
[SourceQuality "1"]

1. e4 g6 2. d4 Bg7 3. Nc3 d6 4. Be3 Nd7 5. Nf3 e6 6. Qd2 h6 7. Bd3 Ne7 8. 0-0 a6 9. a4 b6 10. h3 Bb7 11. Rfe1 Kf8 12. Nh2 Kg8 13. f4 f5 14. Bf2 Nf6 15. Qe2 Nh5 16. g3 Nc6 17. Nf3 Kh7 18. d5 Nb4 19. dxe6 Nxd3 20. Qxd3 Bxc3 21. exf5 Bf6 22. fxg6+ Kg8 23. e7 Qd7 24. Qc4+ d5 25. e8Q+ Rxe8 26. Rxe8+ Kg7 27. Rxh8 Kxh8 28. Qe2 Ng7 29. Bd4 Bxd4+ 30. Nxd4 c5 31. Nf3 Qxh3 32. Qh2 1-0

[Event "Bundesliga 1984/85"]
[Site "Germany"]
[Date "1985.02.09"]
[Round "8.2"]
[White "Feustel, Bernd"]
[Black "Wolf, Volker"]
[Result "1-0"]
[WhiteElo "2335"]
[BlackElo "2315"]
[PlyCount "91"]
[EventDate "1984.10.14"]
[EventType "team-tourn"]
[EventRounds "15"]
[EventCountry "GER"]
[SourceTitle "GER-chT"]
[Source "ChessBase"]
[SourceDate "1999.07.01"]
[SourceVersion "1"]
[SourceVersionDate "1999.07.01"]
[SourceQuality "1"]
[WhiteTeam "Erlangen"]
[BlackTeam "Koblenz"]
[WhiteTeamCountry "GER"]
[BlackTeamCountry "GER"]

1. c4 e5 2. Nc3 Nf6 3. g3 d5 4. cxd5 Nxd5 5. Bg2 Nb6 6. d3 Be7 7. f4 exf4 8. Bxf4 0-0 9. Nf3 Nc6 10. 0-0 Bg4 11. Rc1 Qd7 12. Kh1 h6 13. a3 Rfe8 14. b4 a6 15. Ne4 Nd5 16. Bd2 Bh3 17. Bxh3 Qxh3 18. Nf2 Qe6 19. e4 Nf6 20. Qc2 Rad8 21. Bc3 Ng4 22. Nxg4 Qxg4 23. d4 Bd6 24. d5 Na7 25. Rce1 Nb5 26. Bb2 f6 27. Kg2 Re7 28. a4 Na7 29. Nd4 Bxb4 30. Nf5 Red7 31. Re2 Bf8 32. Rf4 Qh5 33. Ref2 Nc8 34. Rh4 Qe8 35. Rg4 h5 36. Nh6+ Kh8 37. Rgf4 gxh6 38. e5 Rxd5 39. exf6 Qf7 40. Re4 Rc5 41. Qb1 Nd6 42. Re7 Qd5+ 43. Kh3 Nf7 44. Qg6 Rd7 45. Re8 Rd8 46. Qg7# 1-0